Sports Quiz

Random Sports Quiz

Hper333 test 1 Quiz Stats

 Plays Quiz not verified by Sporcle

Score 0/49 Timer 15:00
0 Plays Today
% Correct
Babe Ruth
92.3%
Lou Gehrig
92.3%
Joe Dimaggio
92.3%
Ted Williams
92.3%
Joe Jackson
92.3%
Kennesaw Mountain Landis
84.6%
Josh Gibson
84.6%
Satchel Paige
84.6%
Eddie Cicotte
84.6%
Branch Rickey
84.6%
Charles Comiskey
84.6%
Arnold Rothstein
84.6%
Tris Speaker
76.9%
Cool Papa Bell
76.9%
Buck O'Neil
76.9%
Gas House Gang
76.9%
Willie Mays
76.9%
Walter Johnson
69.2%
Bob Feller
69.2%
Jay Dizzy Dean
69.2%
Horace Stoneham
69.2%
Bill Veeck
69.2%
Jackie Robinson
69.2%
Larry Doby
69.2%
Ernie Banks
69.2%
% Correct
Frank Robinson
69.2%
Yogi Berra
69.2%
Mickey Mantle
69.2%
Pee Wee Reese
69.2%
Walter Omalley
61.5%
Roy Campanella
61.5%
Don Newcombe
61.5%
Maury wills
61.5%
Duke Snider
61.5%
Ban Johnson
61.5%
Albert Spalding
61.5%
Rube Foster
61.5%
Moses Fleetwood Walker
61.5%
Harry Stevens
61.5%
Alexander Cartwright
61.5%
Arthur “Candy' Cummings
61.5%
Marvin Miller
53.8%
Red Barber
53.8%
William H. Cammeyer
53.8%
Jim Devlin
53.8%
Harry Wright
53.8%
A.G. Mills
53.8%
Quinn-Ives
53.8%
William Ambrose Hulbert
46.2%

You're not logged in!

Compare scores with friends on all Sporcle quizzes.
Join for Free
OR
Log In

You Might Also Like...

Show Comments

Extras

Created Mar 24, 2011ReportFavoriteNominate
Tags:test

Top Quizzes Today


Score Distribution

Your Account Isn't Verified!

In order to create a playlist on Sporcle, you need to verify the email address you used during registration. Go to your Sporcle Settings to finish the process.

Report this User

Report this user for behavior that violates our Community Guidelines.

Details: